000 00671nam a2200265Ia 4500
005 20260121170704.0
008 008 260114s9999 xx 000 0 eng d
020 _a9783319782560
037 _aEBOOK
040 _aCRL
040 _beng
040 _cCRL
041 _2eng
041 _aeng
084 _qCRL
100 _aTansel Özyer, Sambit Bakshi, Reda Alhajj
_91066962
245 0 _aSocial Networks and Surveillance for Society
260 _bSpringer
260 _bSpringer
260 _c2019
856 _uhttps://link.springer.com/openurl?genre=book&isbn=978-3-319-78256-0
942 _cEBOOK
999 _c1632692
_d1632692